| 000 | 01153cam a2200289 a 4500 | ||
|---|---|---|---|
| 001 | 4023698 | ||
| 005 | 20250603100858.0 | ||
| 008 | 970225s1997 ilua b 001 0 eng | ||
| 020 | _a0802490166 | ||
| 050 | 0 | 0 |
_aBV652.1 _b.G37 1997 |
| 082 | 0 | 0 |
_a253 _221 |
| 100 | 1 | _aGangel, Kenneth O. | |
| 245 | 1 | 0 |
_aTeam leadership in Christian ministry : _busing multiple gifts to build a unified vision / _cKenneth O. Gangel. |
| 250 | _aRev. ed. | ||
| 260 |
_aChicago : _bMoody Press, _cc1997. |
||
| 300 |
_a480 p. : _bill. ; _c24 cm. |
||
| 500 | _aRev. ed. of: Building leaders for church education. 1981. | ||
| 650 | 0 | _aChristian leadership. | |
| 650 | 0 | _aGroup ministry. | |
| 650 | 0 | _aChurch management. | |
| 650 | 0 | _aChristian education. | |
| 700 | 1 |
_aGangel, Kenneth O. _tBuilding leaders for church education. |
|
| 856 | 4 | 2 |
_3Publisher description _uhttp://www.loc.gov/catdir/enhancements/fy0609/97147270-d.html |
| 856 | 4 | 2 |
_3Contributor biographical information _uhttp://www.loc.gov/catdir/enhancements/fy1211/97147270-b.html |
| 856 | 4 | 1 |
_3Table of contents only _uhttp://www.loc.gov/catdir/enhancements/fy1211/97147270-t.html |
| 942 |
_2lcc _cBK _n0 |
||
| 999 |
_c6183 _d6183 |
||